000 00300nam a22001097a 4500
082 _a600/ABR
100 _aAbrol,Hitesh
_983113
245 _aDIGITAL DISTRACTION Unplugging the digital abyss and reclaiming our Attention
260 _aMeerut
_bLiterary Lounge
_c2023
650 _aIT
_983114
942 _cBK
999 _c67895
_d67895